Catalog

Record Details

Catalog Search



Available copies

  • 2 of 2 copies available at LARL/NWRL Consortium.
  • 2 of 2 copies available at Lake Agassiz Regional Library. (Show preferred library)

Current holds

0 current holds with 2 total copies.

Show Only Available Copies
Location Call Number / Copy Notes Barcode Shelving Location Status Due Date
Climax Public Library JEF (Text) 33500014382873 New Available -
Fertile Public Library JEF (Text) 33500014382881 New Available -

Record details

  • ISBN: 1496751043
  • ISBN: 9781496751041
  • Physical Description: 272 pages ; 21 cm.
  • Publisher: New York, NY : Kensington Publishing Corp., [2026]

Content descriptions

Summary, etc.:
"After more than a decade separated from his home ... Read More
Subject: Nobility > Fiction.
Brides > Fiction.
Man-woman relationships > Fiction.
Mate selection > Fiction.
Aristocracy (Social class) > Fiction.
England > Social life and customs > Fiction.
Great Britain > History > Regency, 1811-1820 > Fiction.
Napoleonic Wars, 1800-1815 > Fiction.
England > Fiction.
Fiction.
FICTION / Romance / Historical / Regency.
Genre: Regency fiction.
Romance fiction.
Historical fiction.
Novels of manners.
LDR 03398cam a2200637 i 4500
001481816
003LARL_NWRL_CONSORTIUM
00520260522211637.0
008250806t20262026nyu e 000 1 eng d
040 . ‡aYDX ‡beng ‡cYDX ‡dBDX ‡dOCLCO ‡dIG# ‡dTOH ‡dOCLCQ ‡dHQD ‡erda ‡dHBP ‡dOCLCO ‡dZHI ‡dIDW ‡dUAP ‡dTH8 ‡dJBL ‡dOCLCO
020 . ‡a1496751043
020 . ‡a9781496751041 ‡q(paperback)
020 . ‡z9781496751058 ‡q(ebook)
035 . ‡a(OCoLC)1530605746
043 . ‡ae-uk-en ‡ae-uk---
08204. ‡a813.54 ‡223
1001 . ‡aJeffries, Sabrina, ‡eauthor. ‡1https://id.oclc.org/worldcat/entity/E39PBJj8TM6hfXGhrmMJfGfKBP ‡0(LARL_NWRL_CONSORTIUM)144441
24510. ‡aNearly a bride / ‡cSabrina Jeffries.
264 1. ‡aNew York, NY : ‡bKensington Publishing Corp., ‡c[2026]
264 4. ‡c©2026
300 . ‡a272 pages ; ‡c21 cm.
336 . ‡atext ‡btxt ‡2rdacontent
337 . ‡aunmediated ‡bn ‡2rdamedia
338 . ‡avolume ‡bnc ‡2rdacarrier
4900 . ‡aLords of hazard ; ‡v2
520 . ‡a"After more than a decade separated from his home and family, the Earl of Heathbrook returns to his London townhouse to face a new test: reclaiming guardianship of his younger brothers. His reputation as a rakehell, it seems, has followed him from detention inside Napoleon's France and caused his own father to block Heathbrook's rightful custody in his will. However, the clever rogue concocts a plan to restore respectability and rescue his siblings ... by finding a "fiancée" with no strings attached. Giselle Bernard is not looking to wed an earl with a wild past. All she seeks is a connected nobleman who can legally secure her new life in England and head off a mysterious stranger's threats. Posing as Heathbrook's bride-to-be would surely benefit them both. But as revelations come to light--the ill-fated young affair that left Heathbrook embittered, and the mademoiselle's own guarded secrets--their engagement charade may unexpectedly blossom into a promise to love, honor, and cherish ..."--Amazon.
650 0. ‡aNobility ‡vFiction. ‡0(LARL_NWRL_CONSORTIUM)166350
650 0. ‡aBrides ‡vFiction. ‡0(LARL_NWRL_CONSORTIUM)171085
650 0. ‡aMan-woman relationships ‡vFiction. ‡0(LARL_NWRL_CONSORTIUM)165985
650 0. ‡aMate selection ‡vFiction. ‡0(LARL_NWRL_CONSORTIUM)166016
650 0. ‡aAristocracy (Social class) ‡vFiction. ‡0(LARL_NWRL_CONSORTIUM)163245
651 0. ‡aEngland ‡xSocial life and customs ‡vFiction. ‡0(LARL_NWRL_CONSORTIUM)168420
651 0. ‡aGreat Britain ‡xHistory ‡yRegency, 1811-1820 ‡vFiction.
650 0. ‡aNapoleonic Wars, 1800-1815 ‡vFiction. ‡0(LARL_NWRL_CONSORTIUM)166353
651 0. ‡aEngland ‡vFiction.
650 0. ‡aFiction. ‡0(LARL_NWRL_CONSORTIUM)20140
650 7. ‡aFICTION / Romance / Historical / Regency. ‡2bisacsh
655 7. ‡aRegency fiction. ‡2gsafd
655 7. ‡aRomance fiction. ‡2lcgft
655 7. ‡aHistorical fiction. ‡2lcgft
655 7. ‡aNovels of manners. ‡2lcgft
936 . ‡aBATCHLOAD
901 . ‡a481816 ‡bOCoLC ‡c481816 ‡tbiblio ‡soclc

Additional Resources